<?xml version="1.0" encoding="UTF-8"?>
<collection xmlns="http://www.loc.gov/MARC21/slim">
 <record>
  <leader>01415nam a22002415a 4500</leader>
  <controlfield tag="001">CEM.cems014502</controlfield>
  <controlfield tag="005">20141022155655.0</controlfield>
  <controlfield tag="008">130507s2013##################000#0#####d</controlfield>
  <controlfield tag="003">CEMS</controlfield>
  <datafield tag="020" ind1=" " ind2=" ">
   <subfield code="a">9789504633747</subfield>
  </datafield>
  <datafield tag="082" ind1="0" ind2="4">
   <subfield code="a">Z330.982</subfield>
  </datafield>
  <datafield tag="100" ind1="1" ind2=" ">
   <subfield code="a">Arzeno, Mariana B.</subfield>
  </datafield>
  <datafield tag="245" ind1="1" ind2="0">
   <subfield code="a">Geografía :</subfield>
   <subfield code="b">argentina en el contexto mundial /</subfield>
   <subfield code="c">Mariana B. Arzeno .. y Otros</subfield>
  </datafield>
  <datafield tag="260" ind1=" " ind2=" ">
   <subfield code="a">Buenos Aires :</subfield>
   <subfield code="b">Santillana,</subfield>
   <subfield code="c">2013</subfield>
  </datafield>
  <datafield tag="300" ind1=" " ind2=" ">
   <subfield code="a">256 p.</subfield>
  </datafield>
  <datafield tag="490" ind1="0" ind2=" ">
   <subfield code="a">Conocer +</subfield>
  </datafield>
  <datafield tag="505" ind1="0" ind2=" ">
   <subfield code="a">Asimetrías territoriales en el mundo -- Asimetrías territoriales en la Argentina -- Nación, provincia, municipios -- Valoración de los recursos naturales -- Producción agropecuaria y circuitos agroindustriales -- Las industrias -- La minería en la Argentina -- La producción energética en la Argentina -- La actividad forestal en la Argentina -- La actividad pesquera y acuícola -- Recursos naturales estratégicos -- Bienes comunes de la Tierra -- Problemas ambientales --La población de la Argentina -- Condiciones y calidad de vida -- Los movimientos sociales en la Argentina -- Urbanización en distintas escalas -- El mayor espacio metropolitano del país -- Infraestructura de transporte</subfield>
  </datafield>
  <datafield tag="653" ind1=" " ind2=" ">
   <subfield code="a">Geografía</subfield>
  </datafield>
  <datafield tag="653" ind1=" " ind2=" ">
   <subfield code="a">Geografía argentina</subfield>
  </datafield>
  <datafield tag="653" ind1=" " ind2=" ">
   <subfield code="a">Geografía mundial</subfield>
  </datafield>
  <datafield tag="653" ind1=" " ind2=" ">
   <subfield code="a">Geografía económica</subfield>
  </datafield>
  <datafield tag="653" ind1=" " ind2=" ">
   <subfield code="a">Geografía de la población</subfield>
  </datafield>
  <datafield tag="859" ind1=" " ind2=" ">
   <subfield code="a">CEMS</subfield>
   <subfield code="b">BIB. CEMS - 11 de abril</subfield>
   <subfield code="h">Z330.982</subfield>
   <subfield code="i">Ar89</subfield>
   <subfield code="p">27065.14</subfield>
   <subfield code="t">Ej.1</subfield>
  </datafield>
 </record>
</collection>
